LEADER 02414nam 2200649 a 450 001 9910461968803321 005 20211105001755.0 010 $a3-11-135262-5 024 7 $a10.1515/9783111352626 035 $a(CKB)2670000000249241 035 $a(EBL)978580 035 $a(SSID)ssj0000560106 035 $a(PQKBManifestationID)12226006 035 $a(PQKBTitleCode)TC0000560106 035 $a(PQKBWorkID)10568110 035 $a(PQKB)10880373 035 $a(MiAaPQ)EBC978580 035 $a(DE-B1597)60743 035 $a(OCoLC)979592357 035 $a(DE-B1597)9783111352626 035 $a(Au-PeEL)EBL978580 035 $a(CaPaEBR)ebr10590686 035 $a(OCoLC)854968554 035 $a(EXLCZ)992670000000249241 100 $a19870716d1987 uy 0 101 0 $aeng 135 $aurnn#---|u||u 181 $ctxt 182 $cc 183 $acr 200 10$aPoetic compounds$b[electronic resource] $ethe principles of poetic language in modern English poetry /$fJean Boase-Beier 205 $aReprint 2010 210 $aTu?bingen $cNiemeyer$d1987 215 $a1 online resource (212 p.) 225 1 $aLinguistische Arbeiten,$x0344-6727 ;$v179 300 $aOriginally presented as the author's thesis (1986) under the title: Poetische Komposita. 311 0 $a3-484-30179-1 320 $aIncludes bibliographical references. 327 $tFront matter --$t0 Introduction --$t1 Poetic Language --$t2 Is Poetic Language Functionally Motivated? --$t3 Compounding in English --$t4 Principles of Poetic Language --$t5 Concluding Remarks --$tAppendix: Poetic Compounds in Their Context --$tBibliography 330 $aPoetic Compounds: The Principles of Poetic Language in Modern English Poetry. 410 0$aLinguistische Arbeiten (Max Niemeyer Verlag) ;$v179. 606 $aEnglish language$zGreat Britain$xCompound words 606 $aEnglish language$zGreat Britain$xStyle 606 $aEnglish poetry$y20th century$xHistory and criticism 608 $aElectronic books. 615 0$aEnglish language$xCompound words. 615 0$aEnglish language$xStyle. 615 0$aEnglish poetry$xHistory and criticism. 676 $a421/.6 700 $aBoase-Beier$b Jean$0706438 801 0$bMiAaPQ 801 1$bMiAaPQ 801 2$bMiAaPQ 906 $aBOOK 912 $a9910461968803321 996 $aPoetic compounds$91901169 997 $aUNINA LEADER 01778oam 2200553 450 001 9910715939203321 005 20210416090056.0 035 $a(CKB)5470000002516704 035 $a(OCoLC)761103926 035 $a(EXLCZ)995470000002516704 100 $a20111115j196811 ua 0 101 0 $aeng 135 $aur||||||||||| 181 $ctxt$2rdacontent 182 $cc$2rdamedia 183 $acr$2rdacarrier 200 10$aObservations on permeation of polytetrafluoroethylene by compounds of rhenium, molybdenum, and tungsten /$fby Harold Leibecki 210 1$aWashington, D.C. :$cNational Aeronautics and Space Administration,$dNovember 1968. 215 $a1 online resource (ii, 13 pages) $cillustrations 225 1 $aNASA/TN ;$vD-4886 300 $a"November 1968." 320 $aIncludes bibliographical references (page 6). 606 $aTungsten compounds$2nasat 606 $aRhenium$2nasat 606 $aMolybdenum compounds$2nasat 606 $aChromium group$2fast 606 $aMolybdenum$2fast 606 $aRhenium$2fast 606 $aSolvents$2fast 606 $aTungsten$2fast 615 7$aTungsten compounds. 615 7$aRhenium. 615 7$aMolybdenum compounds. 615 7$aChromium group. 615 7$aMolybdenum. 615 7$aRhenium. 615 7$aSolvents. 615 7$aTungsten. 700 $aLeibecki$b Harold F.$01419385 712 02$aUnited States.$bNational Aeronautics and Space Administration, 801 0$bOCLCE 801 1$bOCLCE 801 2$bOCLCQ 801 2$bOCLCF 801 2$bGPO 906 $aBOOK 912 $a9910715939203321 996 $aObservations on permeation of polytetrafluoroethylene by compounds of rhenium, molybdenum, and tungsten$93533657 997 $aUNINA LEADER 02689nam 2200469 450 001 9910812427703321 005 20231110224048.0 010 $a2-8062-2997-9 035 $a(CKB)3710000000307003 035 $a(EBL)1870092 035 $a(MiAaPQ)EBC1870092 035 $a(Au-PeEL)EBL1870092 035 $a(OCoLC)897071088 035 $a(PPN)188690646 035 $a(EXLCZ)993710000000307003 100 $a20220519d2017 uy 0 101 0 $afre 135 $aur|n|---||||| 181 $ctxt$2rdacontent 182 $cc$2rdamedia 183 $acr$2rdacarrier 200 10$aBajazet de Jean Racine (Analyse de L'oeuvre) $eAnalyse Complete et Resume detaille de L'oeuvre /$fMaria Puerto Gomez, Ariane Cesar 210 1$aCork, Ireland :$cLemaitre Publishing,$d[2017] 210 4$dİ2017 215 $a1 online resource (36 p.) 225 1 $aFiche de Lecture 300 $aDescription based upon print version of record. 311 $a2-8062-2999-5 327 $a1. Re?sume?; Acte I; Sce?ne 1; Sce?ne 2; Sce?ne 3; Sce?ne 4; Acte II; Sce?ne 1; Sce?ne 2; Sce?ne 3; Sce?ne 4; Sce?ne 5; Acte III; Sce?ne 1; Sce?ne 2; Sce?ne 3; Sce?ne 4; Sce?ne 5; Sce?ne 6; Sce?ne 7; Sce?ne 8; Acte IV; Sce?ne 1; Sce?ne 2; Sce?ne 3; Sce?ne 4; Sce?ne 5; Sce?ne 6; Acte V; Sce?ne 1; Sce?ne 2; Sce?ne 3; Sce?ne 4; Sce?ne 5; Sce?ne 7; Sce?ne 8; Sce?ne 9; Sce?ne 10; Sce?ne 11; Sce?ne 12; 2. E?tude des personnages; Acomat; Bajazet; Roxane; Atalide; 3. Cle?s de lecture; Le the?me de l'Orient; Le genre de la trage?die; Conflits intimes : amour et pouvoir; 4. Pistes de re?flexion; 5. Informations comple?mentaires 330 $a Tout ce qu'il faut savoir sur Bajazet de Racine ! Retrouvez l'essentiel de l'?uvre dans une fiche de lecture comple?te et de?taille?e, avec un re?sume?, une e?tude des personnages, des cle?s de lecture et des pistes de re?flexion. Re?dige?e de manie?re claire et accessible, la fiche de lecture propose d'abord un re?sume? sce?ne par sce?ne de la pie?ce, puis s'inte?resse aux personnages d'Acomat, de Bajazet, de Roxane et d'Atalide. On aborde ensuite les e?le?ments caracte?ristiques du the?me de l'Orient dans l'?uvre, ainsi que le genre de la trage?die, avant de commenter les dilemmes qui de?chirent les diffe?rents p 410 0$aFiche de Lecture 607 $aTurkey$xHistory 676 $a909.04943 700 $aGomez$b Maria Puerto$01632446 702 $aCesar$b Ariane 801 0$bMiAaPQ 801 1$bMiAaPQ 801 2$bMiAaPQ 906 $aBOOK 912 $a9910812427703321 996 $aBajazet de Jean Racine (Analyse de L'oeuvre)$93971592 997 $aUNINA LEADER 01596nas 2200517-a 450 001 996215030403316 005 20240112213020.0 011 $a1472-6882 035 $a(DE-599)ZDB2050429-9 035 $a(OCoLC)47657381 035 $a(CKB)111000136906078 035 $a(CONSER)--2002243081 035 $a(EXLCZ)99111000136906078 100 $a20010726b20012019 s-- a 101 0 $aeng 135 $aurcn||||||||| 181 $ctxt$2rdacontent 182 $cc$2rdamedia 183 $acr$2rdacarrier 200 00$aBMC complementary and alternative medicine 210 $aLondon $cBioMed Central$d2001-2019 215 $a1 online resource 300 $aRefereed/Peer-reviewed 517 3 $aBioMed Central complementary and alternative medicine 517 3 $aComplementary and alternative medicine 531 $aBMC COMPLEMENT ALTERN MED 531 $aBMC COMPLEM ALTERN M 531 $aBMC COMPLEMENT. ALTERN. MED 531 10$aBMC Complement Altern Med 606 $aAlternative medicine$vPeriodicals 606 $aComplementary Therapies 606 $aAlternative medicine$2fast$3(OCoLC)fst00806153 608 $aPeriodical 608 $aFulltext. 608 $aInternet Resources. 608 $aPeriodicals. 608 $aPeriodicals.$2fast 608 $aPeriodicals.$2lcgft 610 $aAlternative Medicine 615 0$aAlternative medicine 615 12$aComplementary Therapies 615 7$aAlternative medicine. 906 $aJOURNAL 912 $a996215030403316 996 $aBMC complementary and alternative medicine$92247607 997 $aUNISA